| 000 | 00782nam a2200229Ia 4500 | ||
|---|---|---|---|
| 999 |
_c41541 _d41541 |
||
| 001 | 8208 | ||
| 003 | GE_BSU | ||
| 005 | 20190704154611.0 | ||
| 008 | 181216s2013||||en |||||||||||||| ||eng|| | ||
| 020 | _a9781842161050. | ||
| 041 | _aeng | ||
| 080 | _a811.111'36(075.8) E-93 | ||
| 100 |
_aEvans, Virginia. _93157 |
||
| 245 |
_aENTERPRISE 2 : Course Book : Elemnetary / _cVirginia Evans ; Jenny Dooley ; Editor : chief:Mary Palmer. |
||
| 264 |
_aLondon : _bExpress Publishing, _c2013.. |
||
| 300 |
_a150 p .: _bill;. _c27 cm. |
||
| 653 | _aENTERPRAISE 2.Course Book. | ||
| 653 | _aინგლისური ენის გრამატიკა | ||
| 700 |
_aDooley, Jenny _93165 |
||
| 700 |
_aPalmer, Mary _eრედაქტორი _93166 |
||
| 942 |
_cBK _2udc |
||